Glee by Surname Quiz Stats

 Plays Quiz Updated Jul 18, 2012

Also try: Glee Quotes
Challenge
Share
Tweet
Embed
Score 0/28 Timer 03:00
4 Plays Today
Last Name First Name % Correct
SylvesterSue
98.5%
SchuesterTerri/Will
97.3%
FabrayLucy
97.1%
HummelKurt/Burt
95.8%
BerryRachel
95.6%
PillsburyEmma
91.8%
PuckermanNoah
89.6%
HudsonFinn/Carole
87.6%
ChangMichael
86.9%
Cohen-ChangTina
85.7%
LopezSantana
83.9%
JonesMercedes
79%
AbramsArtie
72%
St. JamesJesse
69.4%
Last Name First Name % Correct
HollidayHolly
62.1%
ZizesLauren
60.1%
PierceBrittany
57.5%
TanakaKen
55.4%
EvansSam
50.9%
KarofskyDave
47%
IsraelJacob
44.4%
CorcoranShelby
38.9%
AndersonBlaine
38.3%
BeisteShannon
37.7%
RutherfordMatthew
37%
RyersonSandy
34.8%
JacksonBecky
32.5%
HowellCarl
18.3%

You're not logged in!

Compare scores with friends on all Sporcle quizzes.
OR
Log In

You Might Also Like...

Show Comments

Extras

Top Quizzes Today


Score Distribution

Your Account Isn't Verified!

In order to create a playlist on Sporcle, you need to verify the email address you used during registration. Go to your Sporcle Settings to finish the process.

Report this User

Report this user for behavior that violates our Community Guidelines.

Details: